01053 2200349 4500001002100000005001500021035002000036007000300056040001700059100003900076245010700115250001700222300004100239020002200280041000800302082001100310084001700321090002400338264004000362336002100402337003000423338002300453500002900476650001300505850001000518008004100528700004300569504002500612990002200637990002200659990002200681INLIS00000000000722220260603102011 a0010-0822000196ta aSBPUPADbind0 aHieronymus Budi SantosoePengarang1 aFarm Big Book Budi Daya EMPON-EMPON Berkhasiat /cHieronymus Budi Santoso; editor, FI. Sigit Suyantoro a.-Ed.1.cet.1 ax, 142 hlm :bilus ;c17,5 x 24,5 cm a978-623-7267-28-717aInd a581.63 a581.63 HIE f a621.381 MAL s 20 -1 a.--Yogyakarta :bAndi Offset,c2020 2rdacontentateks 2rdamediaatanpa perantara 2rdacarrieravolume aTentang Penulis, hlm 141 4abudidaya aPUPAD260603 0  aeditor, FI. Sigit SuyantoroePengarang abibliografi, hlm 139 a36.452/B/DPK/2022 a36.454/B/DPK/2022 a36.453/B/DPK/2022